Tydskrif vie Hedendaagse Romeins-Hollandse Reg : (Record no. 1336)
[ view plain ]
| 000 -LEADER | |
|---|---|
| fixed length control field | 00479nam a22001577a 4500 |
| 005 - DATE AND TIME OF INPUT | |
| control field | 20240212082227.0 |
| 008 - DATA ELEMENTS--GENERAL INFORMATION | |
| fixed length control field | 240212b |||||||| |||| 00| 0 eng d |
| 041 ## - LANGUAGE CODE | |
| Language code of text | Afrikaans |
| 082 ## - SHELF NUMBER | |
| DDC number | 349 TYD |
| 100 ## - MAIN AUTHOR | |
| Language of a work | Afrikaans |
| 245 ## - TITLE STATEMENT | |
| Title | Tydskrif vie Hedendaagse Romeins-Hollandse Reg : |
| 260 ## - PUBLICATION, DISTRIBUTION, ETC. | |
| Place of publication, distribution, etc. | Durban : |
| Name of publisher, distributor, etc. | Butterworth Publishers (Pty) Ltd, |
| Date of publication, distribution, etc. | 1984 |
| 300 ## - PHYSICAL DESCRIPTION | |
| Other physical details | 125 pages ; |
| Dimensions | 25 cm. |
| 650 ## - SUBJECT` | |
| Broad subject | Legal practice |
| Own subject terms | Law |
| 942 ## - ADDED ENTRY ELEMENTS (KOHA) | |
| Item type | Books |
| 942 ## - ADDED ENTRY ELEMENTS (KOHA) | |
| -- | ALISON_BN_VRIES |
| Source of classification or shelving scheme | Volume number (bound volume or other part) | Not for loan | Collection code | Home library | Current library | Shelving location | Date acquired | Full call number | Price effective from | Koha item type |
|---|---|---|---|---|---|---|---|---|---|---|
| Dewey Decimal Classification | Volume 1 | TEXT BOOKS | LAW SOCIETY OF NAMIBIA LIBRARY - WINDHOEK | LAW SOCIETY OF NAMIBIA LIBRARY - WINDHOEK | Tydskrif vir hedendaages romeins hollandse reg | 02/12/2024 | 349 TYD | 02/12/2024 | Books | |
| Dewey Decimal Classification | Volume 2 | TEXT BOOKS | LAW SOCIETY OF NAMIBIA LIBRARY - WINDHOEK | LAW SOCIETY OF NAMIBIA LIBRARY - WINDHOEK | Tydskrif vir hedendaages romeins hollandse reg | 02/12/2024 | 349 TYD | 02/12/2024 | Books | |
| Dewey Decimal Classification | Volume 3 | TEXT BOOKS | LAW SOCIETY OF NAMIBIA LIBRARY - WINDHOEK | LAW SOCIETY OF NAMIBIA LIBRARY - WINDHOEK | Tydskrif vir hedendaages romeins hollandse reg | 02/12/2024 | 349 TYD | 02/12/2024 | Books | |
| Dewey Decimal Classification | Volume 4 | TEXT BOOKS | LAW SOCIETY OF NAMIBIA LIBRARY - WINDHOEK | LAW SOCIETY OF NAMIBIA LIBRARY - WINDHOEK | Tydskrif vir hedendaages romeins hollandse reg | 02/12/2024 | 349 TYD | 02/12/2024 | Books |
